00735 2200265 4500001002100000005001500021035002000036007000300056008004100059020002200100082001200122084001800134100002300152245010300175250001000278260003600288300003600324500001400360500001100374650000900385700002000394504003100414990001200445990001200457INLIS00000000000279720190111095426 a0010-0119000149ta190111 g 0 ind  a978-602-401-883-2 a612.461 a612.461 NIA g0 aNIAN, Afrian Nuari1 aGangguan pada Sistem Perkemihan & Penatalaksanaan Keperawatan /cNian Afrian Nuari, Dhina Widayati acet.1 aYogyakarta :bDeepublish,c2017 aix, 273 hlm. :bilus. ;c23 cm. aGlosarium aIndeks aURIN0 aDHINA, Widayati aBibliografi : hlm. 260-264 a16912 a a16912 b